000 00542nam a2200193Ia 4500
005 20250508151954.0
008 008 250505s9999 xx 000 0 eng d
020 _a0-691-07183-7
037 _aReference
040 _aFEDL
_beng
_cFEDL
041 _aeng
_2eng
084 _a300.7, TAN
_qFEDL
100 _aTaneja Vidya Ratna
_9760504
245 0 _aTeaching of social studies
260 _aChandigarh, India
_bMohindra Capital Publishers
_c1958
300 _a256p.
942 _cREF
_h300.7, TAN
999 _c1333299
_d1333299